00522nam a2200145Ia 4500003000900000008004100009020002600050040001600076100002300092245007300115260003200188300002000220490003300240856010300273IN-BaIIA211028s9999 xx s 000 0 eng d a9780819467843 (Print) cIIA Library aKrokhin, Oleg, ed. 0aXV International Symposium on Advanced Display Technologiesh[eBook] aWashington, USAbSPIEc2007 aOnline resource aProceedings of SPIE; V. 6637 uhttps://www.spiedigitallibrary.org/conference-proceedings-of-spie/6637yClick Here to Access eBook